| 000 | 00789nam a2200277Ia 4500 | ||
|---|---|---|---|
| 008 | 171025s9999 xx 000 0 und d | ||
| 020 | _a9780809054602 | ||
| 050 | _a973.7 | ||
| 050 | _bC433 2008 | ||
| 100 | _aChaffin, Tom | ||
| 245 | 4 | _aThe H.L Hunley : | |
| 245 | _bthe secret hope of the confederacy / | ||
| 245 | _cby Tom Chaffin. | ||
| 260 | _aNew York : | ||
| 260 | _bHill and Wang, | ||
| 260 | _c2008 | ||
| 300 | _axxvii, 324 pages : | ||
| 300 | _billustrations ; | ||
| 300 | _c21cm. | ||
| 500 | _aIncludes notes, bibliographic reference and index. | ||
| 650 | _aConfederate States of America. Navy -- History. | ||
| 650 | _aExcavations (Archeology) -- | ||
| 650 | _aH. L. Hunley (Submarine). | ||
| 650 | _xSouth Carolina -- Charleston. | ||
| 700 | _aTitle. | ||
| 999 |
_c344639 _d344639 |
||